Detalles MARC
| 000 -LÍDER |
| Campo fijo de descripción fija |
01755nam a22003494i 4500 |
| 001 - NÚMERO DE CONTROL |
| Campo de control |
20328 |
| 003 - IDENTIFICADOR DEL NÚMERO DE CONTROL |
| Campo de control |
CO-MdFUSB |
| 005 - FECHA Y HORA DE LA ULTIMA TRANSACCIÓN |
| control field |
20180209161053.0 |
| 008 - ELEMENTOS DE LONGITUD FIJA -- INFORMACIÓN GENERAL |
| Campo fijo de descripción fija -- Información general |
160901t1992 xxu||||g |||| 00| 0 eng d |
| 020 ## - NÚMERO INTERNACIONAL NORMALIZADO PARA LIBROS |
| Número Internacional Normalizado del libro |
Vol. 1: 0-8006-2626-5 ; Vol. 2: 0-8006-2627-3 ; Vol. 3: 978-0-8006-9918-5 |
| 040 ## - FUENTE DE CATALOGACIÓN |
| Agencia de catalogación original |
CO-MdFUSB |
| Idioma de catalogación |
spa |
| Agencia que realiza la transcripción |
CO-MdFUSB |
| Agencia que realiza la modificación |
CO-MdFUSB |
| Convenciones de la descripción |
rda |
| 041 ## - CÓDIGO DE IDIOMA |
| Código de idioma para texto/pista de sonido o título separado |
eng |
| 082 ## - NÚMERO DE CLASIFICACIÓN DECIMAL DEWEY |
| Número de la edición del Dewey |
24 |
| Número de clasificación |
225.072 |
| Clave de autor-Numero de item |
B163h |
| 100 1# - ASIENTO PRINCIPAL--NOMBRE PERSONAL |
| Nombre personal |
Baird, William |
| Fechas asociadas con el nombre |
autor |
| 242 00 - TRADUCCIÓN DEL TÍTULO POR AGENCIA CATALOGADORA |
| Título |
Historia de la investigación del Nuevo Testamento |
| Idioma del título original |
Inglés |
| 245 00 - TÍTULO |
| Título del Material |
History of New Testament research |
| Mención de responsabilidad, etc. |
/ William Baird |
| Parte restante del título - Subtitulo |
: |
| 264 #1 - PRODUCCIÓN, PUBLICACIÓN, DISTRIBUCIÓN, MANUFACTURA, Y COPYRIGHT |
| Lugar de producción, publicación, distribución, manufactura |
Minneapolis, Minnesota : |
| Nombre del productor, publicador, distribuidor |
Fortress Press ; |
| Fecha de producción, publicación, distribución, manufactura, o copyright |
℗1992 |
| 300 ## - DESCRIPCIÓN FÍSICA |
| Extensión |
3 volúmenes |
| Otros detalles físicos |
: |
| Dimensiones |
24 cm. |
| 336 ## - TIPO DE CONTENIDO |
| Fuente |
rdacontent |
| Término de tipo de contenido |
texto |
| Código de tipo de contenido |
txt |
| 337 ## - TIPO DE MEDIO |
| Fuente |
rdamedia |
| Nombre del tipo de medio |
sin mediación |
| Código del tipo de medio |
n |
| 338 ## - TIPO DE SOPORTE |
| Fuente |
rdacarrier |
| Nombre del tipo de soporte |
volumen |
| Código Tipo de soporte |
nc |
| 490 ## - MENCIÓN DE SERIE |
| Mención de serie |
History of New Testament Research |
| 501 ## - NOTA DE “CON” |
| Nota de Contenido |
Incluye índices: Vol. 2 (p. 538- 565); Vol. 3 (p. 737- 775) |
| 504 ## - NOTA DE BIBLIOGRAFÍA, ETC. |
| Nota de bibliografía, etc |
Biblografía: Vol. 2 (p. 478- 537); Vol. 3 (p. 697- 736) |
| 505 00 - NOTA DE CONTENIDO |
| Nota de contenido con formato preestablecido |
Volumen 1: From Deism to Tübingen -- Los primeros avances en la investigación del Nuevo Testamento -- La investigación del Nuevo Testamento en una época de fermento filosófico |
| 505 00 - NOTA DE CONTENIDO |
| Nota de contenido con formato preestablecido |
Volumen 2: From Jonathan Edwards to Rudolf Bultmann -- La investigación del Nuevo Testamento en la era de la expansión del imperio -- La investigación del Nuevo Testamento en la era del conflicto global |
| 505 00 - NOTA DE CONTENIDO |
| Nota de contenido con formato preestablecido |
Volumen 3: From C. H. Dodd to Hans Dieter Betz -- El renacimiento de la crítica del Nuevo Testamento -- La reconsideración de los problemas críticos -- Movimientos teológicos y sintéticos |
| 563 ## - NOTA DE ENCUADERNACIÓN |
| Nota de encuadernación |
Pasta dura |
| 630 07 - TITULO UNIFORME |
| Título uniforme |
Biblia. |
| Nombre de parte o sección de la obra |
Nuevo Testamento |
| 942 ## - TIPO DE MATERIAL (KOHA) |
| Tipo de Item KOHA |
Libros General |